Industrial development in Africa (Record no. 55861)
[ view plain ]
| 000 -LEADER | |
|---|---|
| fixed length control field | 00709nam a22001577a 4500 |
| 008 - FIXED-LENGTH DATA ELEMENTS--GENERAL INFORMATION | |
| fixed length control field | 230728b |||||||| |||| 00| 0 eng d |
| 040 ## - CATALOGING SOURCE | |
| Original cataloging agency | National Science Library |
| Transcribing agency | National Science Library |
| 080 ## - UNIVERSAL DECIMAL CLASSIFICATION NUMBER | |
| Universal Decimal Classification number | 338.924(6)(082.2) |
| Item number | K7 |
| 245 ## - TITLE STATEMENT | |
| Title | Industrial development in Africa |
| Statement of responsibility, etc. | / Selected documents presented to the symposium on Industrial Development in Africa Cairo, 27 January - 10 February 1966 |
| 260 ## - PUBLICATION, DISTRIBUTION, ETC. | |
| Place of publication, distribution, etc. | New York: |
| Name of publisher, distributor, etc. | United Nations, |
| Date of publication, distribution, etc. | 1967 |
| 300 ## - PHYSICAL DESCRIPTION | |
| Extent | vi, 307p. |
| 500 ## - GENERAL NOTE | |
| General note | Part 1. Progress and problems of industrialization<br/>Part 2. Country reports: Cameroon, Ethiopia, Kenya Niger, Sudan, United Arab Republic, Zambia |
| 650 ## - SUBJECT ADDED ENTRY--TOPICAL TERM | |
| Topical term or geographic name entry element | Economics |
| 653 ## - INDEX TERM--UNCONTROLLED | |
| Uncontrolled term | Forest industries |
| 942 ## - ADDED ENTRY ELEMENTS (KOHA) | |
| Source of classification or shelving scheme | Universal Decimal Classification |
| Koha item type | Reference |
| Withdrawn status | Lost status | Source of classification or shelving scheme | Damaged status | Not for loan | Home library | Current library | Shelving location | Date acquired | Total Checkouts | Full call number | Barcode | Date last seen | Price effective from | Koha item type |
|---|---|---|---|---|---|---|---|---|---|---|---|---|---|---|
| Universal Decimal Classification | National Science Library | National Science Library | GF/Rk-6/C-22/R-3 | 07/06/1968 | 388.924(6)(082.2) K7 | 22735 | 27/06/2024 | 07/06/1968 | Reference |